| 000 | 00822cab a2200241 4500 | ||
|---|---|---|---|
| 001 | WB3036-26 | ||
| 008 | 090401t1994 xxu||||| |||| 00| 0 eng d | ||
| 035 | _a(Sirsi) u58160 | ||
| 041 | _aeng | ||
| 245 | _aLegal room sizes | ||
| 260 | _c1994 | ||
| 350 | _a0 | ||
| 490 |
_aBuilding _v39(7682) 30 September 1994, 11(1) |
||
| 520 | _aThe National Federation of Housing Associations is requesting that the Housing Corporation fund a nationwide study of space standards with a view to making minimum floorspace and room sizes a condition of obtaining grants. | ||
| 650 | _aHOUSING CORPORATION | ||
| 650 | _aNATIONAL FEDERATION OF HOUSING ASSOCIATIONS | ||
| 650 | _aPARKER MORRIS SPACE STANDARDS | ||
| 650 | _aROOM SIZES | ||
| 650 | _aSPACE STANDARDS | ||
| 690 | _aHOUSING | ||
| 942 | _n0 | ||
| 948 | _c04/03/1997 | ||
| 999 |
_c35482 _d35482 |
||